Riadenie majetkovej, finančnej a kapitálovej štruktúry podniku bakalárska práca

Saved in:
Bibliographic Details
Main Author: Boguščaková, Miriama
Corporate Author: Podnikovohospodárska fakulta EU so sídlom v Košiciach. Katedra ekonómie a manažmentu
Other Authors: Freňáková, Magdaléna, 1981-
Format: Book
Language:Slovak
Published: Košice 2025
Tags: Add Tag
No Tags, Be the first to tag this record!

MARC

LEADER 00000nbm a2200000 4500
001 0310933
005 20260202094256.2
041 0 |a slo 
044 |a SK 
245 1 0 |a Riadenie majetkovej, finančnej a kapitálovej štruktúry podniku  |b bakalárska práca  |c Miriama Boguščaková ; školiteľ: Magdaléna Freňáková 
264 1 |a Košice  |c 2025 
300 |a 48 s. 
100 1 |a Boguščaková, Miriama 
700 1 |a Freňáková, Magdaléna, 1981- 
710 2 |a Podnikovohospodárska fakulta EU so sídlom v Košiciach. Katedra ekonómie a manažmentu